Statistics for Pittsburgh Place Trivia

Click here to take the quiz!

General Stats

  • This quiz has been taken 31 times
  • The average score is 9 of 15

Answer Stats

HintAnswer% Correct
What place is Pittsburgh's theme park, home to the Phantom's Revenge?Kennywood
86%
This factory in Pittsburgh makes your delicious ketchup since 1876Heinz
81%
Andy ______ MuseumWarhol
81%
The name of the Steelers' StadiumHeinz Field
71%
What is the tallest building in Pittsburgh?UPMC
71%
________ Museum of Natural HistoryCarnegie
67%
Pittsburgh has two ________ going up and down Mount WashingtonInclines
67%
What is the name of Pittsburgh's science museum?Carnegie Science Center
57%
What place is home to lots of plants and has glass sculptures?Phipps Conservatory
57%
In what place do Pittsburgh's Elephants reside?Pittsburgh Zoo
57%
What is the name of Pittsburgh's waterpark?Sandcastle
52%
This College owns The Cathedral Of LearningUniversity of Pittsburgh
52%
What is the name of the state park where the Ohio river splits into the Allegheny and Monongahela?Point State Park
48%
What place is home to many species and wouldn't be what it is now if it weren't for a large explosion?National Aviary
10%
Fort Duquesne/Pitt is a fort that was owned by the French and taken by the British during the French and Indian War. What is the last standing building of the fort?Jail
5%

Score Distribution

Percentile by Number Answered

Percent of People with Each Score

Your Score History

You have not taken this quiz